| 000 | 00559nam a2200181 a 4500 | ||
|---|---|---|---|
| 001 | 0319 | ||
| 005 | 20140414131957.0 | ||
| 008 | 040909s19uu xx 00 eng d | ||
| 020 | _a0-439-16133-9 | ||
| 050 |
_aTR 745.594 _bUn1 2000 |
||
| 100 | _aDickerson, Karle | ||
| 245 |
_aUnbelievably creative me (The) : _cBy Karle Dickerson and Connie Berg. _ba workbook / |
||
| 260 |
_aNew York : _bSholastic, _c2000. |
||
| 300 | _a42 p. : ill. ; cm. | ||
| 650 |
_aDecorative objects _xJuvenile literature. |
||
| 650 |
_aArts _xJuvenile literature. |
||
| 999 |
_c112970 _d112970 |
||